BIBLIOTECA PODER JUDICIAL
Portal Judicial TDF

Introducción al derecho / (Registro nro. 193)

000 -LEADER
fixed length control field 02376nam a22002297a 4500
003 - CONTROL NUMBER IDENTIFIER
control field OSt
005 - DATE AND TIME OF LATEST TRANSACTION
control field 20180926113922.0
008 - FIXED-LENGTH DATA ELEMENTS--GENERAL INFORMATION
fixed length control field 180309b xxu||||| |||| 00| 0 spa d
020 ## - INTERNATIONAL STANDARD BOOK NUMBER
International Standard Book Number 950200664X
040 ## - CATALOGING SOURCE
Transcribing agency PJ
100 ## - ASIENTO PRINCIPAL - NOMBRE DE PERSONA
9 (RLIN) 83
Personal name Aftalión, Enrique R.
245 10 - MENCIÓN DE TÍTULO
Título propiamente dicho Introducción al derecho /
Mención de responsabilidad, etc Enrique R. Aftalión, José Vilanova; nueva versión con la colaboración de Julio Raffo.
Parte restante del título
250 ## - EDITION STATEMENT
Edition statement 2a. ed.
260 ## - PUBLICATION, DISTRIBUTION, ETC. (IMPRINT)
Place of publication, distribution, etc Buenos Aires :
Name of publisher, distributor, etc Abeledo Perrot,
Date of publication, distribution, etc 1994.
300 ## - DESCRIPCION FISICA
Extent 1177 p.
500 ## - NOTA GENERAL
General note Citas y notas bibliográficas a pie de página.
500 ## - NOTA GENERAL
General note Contenido: Conocimiento y conocimiento científico, historia de las ideas jurídicas, teoría general del derecho, teoría general aplicada.
505 ## - FORMATTED CONTENTS NOTE
Formatted contents note Contenidos.<br/>Conocimiento y conocimiento científico -- Enfoque existencial: el conocimiento en la vida cotidiana -- Enfoque biológico: El conocimiento innato y la adquisición primaria del conocimiento -- Cultura, lenguaje y conocimiento -- Comienzo de la tradición científico- filosófica en nuestra cultura -- Lenguaje y lenguaje científico -- El método en las ciencias naturales y formales -- El método en las ciencias sociales -- Disciplinas que estudian el fenómeno jurídico -- Historia de las ideas jurídicas -- El pensamiento jurídico desde la antigüedad hasta la constitución de la ciencia jurídica -- Constitución de la ciencia jurídica -- Escuelas iuspositivistas que han desarrollado una teoría general del derecho --Teoría general -- El derecho como conducta ( ontología jurídica ) -- Las normas jurídicas -- El ordenamiento jurídico -- Derecho subjetivo -- La positividad y las fuentes -- Las fuentes del derecho -- Las fuentes del derecho en particular. La ley -- Las fuentes en particular, la costumbre, la jurisprudencia y la doctrina -- La justicia -- El método jurídico y la interpretación -- Teoría general aplicada al derecho argentino -- Aplicación de la Ley en relación al territorio y al tiempo -- Derecho publico y privado. Las ramas del derecho . El derecho internacional publico -- Derecho político. Derecho constitucional. Derecho administrativo. Derecho financiero -- Derecho penal -- Derecho procesal -- Derecho civil y comercial -- Derecho del trabajo (social).
650 ## - ASIENTO SECUNDARIO DE MATERIA - TERMINO TEMATICO
Topical term or geographic name as entry element DERECHO EN GENERAL
9 (RLIN) 209
650 #0 - ASIENTO SECUNDARIO DE MATERIA - TERMINO TEMATICO
Topical term or geographic name as entry element TEORIA GENERAL DEL DERECHO
9 (RLIN) 214
942 ## - ADDED ENTRY ELEMENTS (KOHA)
Source of classification or shelving scheme
Koha item type Libros
Classification part 340.11
Item part AFT
Existencias
Withdrawn status Lost status Source of classification or shelving scheme Damaged status Not for loan Permanent Location Current Location Date acquired Total Checkouts Full call number Barcode Date last seen Date checked out Price effective from Koha item type
          Biblioteca Poder Judicial Sur Biblioteca Poder Judicial Sur 2018-03-28 2 340.11 AFT 3475 2024-02-29 2023-11-28 2018-03-28 Libros

12 de Octubre 789 Ushuaia - Tel:  54(02901)441571
Horario de Atención: 8.00 a 17.00 hs. 
bibliotecaush@justierradelfuego.gov.ar
koha@justierradelfuego.gov.ar
Seguinos en nuestras redes @bibliojustdf 

Con tecnología Koha